Statistics for "T" Synonyms

Click here to take the quiz!

General Stats

  • This quiz has been taken 73 times
  • The average score is 16 of 20

Answer Stats

WordT Synonym% Correct
ChaiTea
98%
EducateTeach
97%
SkinnyThin
97%
GarbageTrash
97%
CabTaxi
95%
AttemptTry
95%
StoryTale
92%
DeliciousTasty
92%
NeatTidy
90%
PonderThink
84%
StumbleTrip
84%
DefrostThaw
79%
CryptTomb
79%
CrookThief
77%
GratuityTip
77%
FootpathTrail
75%
SongTune
70%
LumberTimber
59%
HoodlumThug
56%
MogulTycoon
34%

Score Distribution

Percentile by Number Answered

Percent of People with Each Score

Your Score History

You have not taken this quiz